5HLuxD.jpg

KING HENRY VIII SENIOR AND PRIMARY SCHOOL LIBRARY OPAC

The music of the primes : (Record no. 302)

000 -LEADER
fixed length control field 01940cam a2200385Ia 4500
001 - CONTROL NUMBER
control field 703374587
003 - CONTROL NUMBER IDENTIFIER
control field OCoLC
005 - DATE AND TIME OF LATEST TRANSACTION
control field 20190805150724.0
008 - FIXED-LENGTH DATA ELEMENTS--GENERAL INFORMATION
fixed length control field 110222s2011 nyua b 001 0 eng d
020 ## - INTERNATIONAL STANDARD BOOK NUMBER
International Standard Book Number 0062064010
020 ## - INTERNATIONAL STANDARD BOOK NUMBER
International Standard Book Number 9780062064011
035 ## - SYSTEM CONTROL NUMBER
System control number (OCoLC)703374587
040 ## - CATALOGING SOURCE
Original cataloging agency YDXCP
Language of cataloging eng
Transcribing agency YDXCP
Modifying agency BDX
-- OCLCQ
-- EYP
-- LEB
-- IUP
-- OCLCO
-- OCLCF
-- NYP
049 ## - LOCAL HOLDINGS (OCLC)
Holding library NYPP
082 04 - DEWEY DECIMAL CLASSIFICATION NUMBER
Classification number 512.7 DU
091 ## - MICROFILM SHELF LOCATION (AM) [OBSOLETE]
Microfilm shelf location 512.72
100 1# - MAIN ENTRY--PERSONAL NAME
Personal name Du Sautoy, Marcus.
Relator term author
245 14 - TITLE STATEMENT
Title The music of the primes :
Remainder of title searching to solve the greatest mystery in mathematics /
Statement of responsibility, etc. Marcus Du Sautoy.
260 ## - PUBLICATION, DISTRIBUTION, ETC.
Place of publication, distribution, etc. New York :
Name of publisher, distributor, etc. Harper Perennial,
Date of publication, distribution, etc. 2011.
300 ## - PHYSICAL DESCRIPTION
Extent 335, 13 p. :
Other physical details ill. ;
Dimensions 21 cm.
500 ## - GENERAL NOTE
General note Includes extras: about the author; about the book; read on.
504 ## - BIBLIOGRAPHY, ETC. NOTE
Bibliography, etc. note Includes bibliographical references (p. [317]-322) and index.
505 0# - FORMATTED CONTENTS NOTE
Formatted contents note Who wants to be a millionaire? -- The atoms of arithmetic -- Riemann's imaginary mathematical looking-glass -- The Riemann Hypothesis: From random primes to orderly zeros -- The mathematical relay race: Realising Riemann's revolution -- Ramanujan, the mathematical mystic -- Mathematical exodus: From G©œttingen to Princeton -- Machines of the mind -- The computer age: From the mind to the desktop -- Cracking numbers and codes -- From orderly zeros to quantum chaos -- The missing piece of the jigsaw.
520 ## - SUMMARY, ETC.
Summary, etc. Explains how the prime numbers have fascinated mathematicians, and recounts efforts to prove the Riemann Hypothesis, first suggested by Bernard Riemann in 1859, that would finally bring order and harmony to these numbers.
600 10 - SUBJECT ADDED ENTRY--PERSONAL NAME
Personal name Riemann, Bernhard,
Dates associated with a name 1826-1866.
600 17 - SUBJECT ADDED ENTRY--PERSONAL NAME
Personal name Riemann, Bernhard,
Dates associated with a name 1826-1866.
Source of heading or term fast
Authority record control number or standard number (OCoLC)fst00066508.
650 #0 - SUBJECT ADDED ENTRY--TOPICAL TERM
Topical term or geographic name entry element Numbers, Prime.
650 #7 - SUBJECT ADDED ENTRY--TOPICAL TERM
Topical term or geographic name entry element Numbers, Prime.
Source of heading or term fast
Authority record control number or standard number (OCoLC)fst01041241.
901 ## - LOCAL DATA ELEMENT A, LDA (RLIN)
a MARS
901 ## - LOCAL DATA ELEMENT A, LDA (RLIN)
a wch
b CATBL
908 14 - PUT COMMAND PARAMETER (RLIN)
Put command parameter QA246
942 ## - ADDED ENTRY ELEMENTS (KOHA)
Source of classification or shelving scheme
Koha item type Books - Non Ficton
945 ## - LOCAL PROCESSING INFORMATION (OCLC)
a .b209289387
946 ## - LOCAL PROCESSING INFORMATION (OCLC)
a m
Holdings
Withdrawn status Lost status Source of classification or shelving scheme Damaged status Not for loan Collection code Permanent Location Current Location Shelving location Date acquired Full call number Barcode Date last seen Price effective from Koha item type
          Non-Fiction KH8 Senior School Library KH8 Senior School Library Non Fiction 2019-08-05 512.7 DU 3KHSL000101138 2019-08-05 2019-08-05 Books - Non Ficton

Powered By KH8 IT Dept